000 01072nam a22002777a 4500
999 _c65855
_d65855
005 20240530110846.0
008 201019s 2020ua ah f b 000 0 ara d
017 _a3498
_bمصر. دار الكتب
020 _a9799773145576
040 _aEG-CaGPL
_cEG-CaGPL
082 0 4 _221
_a721.8/
_bق/ف م
100 0 _aفايزة محمود عبد الخالق الوكيل
245 1 0 _aمدفاة الحائط فى مصر فى القرن التاسع عشر/
_cفايزة محمود عبد الخالق الوكيل
250 _aط.1
260 _aالقاهرة :
_bمكتبة زهراء الشرق ،
_c2020.
300 _a117 ص. :
_bايض ؛
_c24 سم.
504 _aيشتمل على ارجاعات ببليوجرافية
650 0 7 _2qrmak
_aالتدفئة
650 0 7 _2qrmak
_aالتدفئة
_zمصر
_yالقرن التاسع عشر
650 0 7 _2qrmak
_aالزخارف الاسلامية
650 0 7 _2qrmak
_aالتهوية
651 _2qrmak
653 0 _aمدفأة الحائط
942 _2ddc
_cBK